Responses for Show #3278 - Wednesday, December 2, 1998

Andrew Maly game 3.

Contestants

[<< previous game]

Rebecca Reis, a box office clerk from Palo Alto, California

Alan Bone, a high school English teacher from Omaha, Nebraska

Andrew Maly, an environmental engineer from Bel Air, Maryland (whose 2-day cash winnings total $11,100)

[next game >>]

Jeopardy! Round responses

MEN OF LETTERS
(Alex: We want you to identify authors known by their initials)
GROOVY TIMES
WORD ORIGINS
U.S. FIRSTS
SPACE FLIGHT
STAR TREK
    $100 16
H.G. Wells

Andrew
    $100 11
(Alex: You guys are too young to remember those!)

Love beads

Triple Stumper
    $100 22
Bouquet

Andrew
    $100 6
Siamese twins

Rebecca
    $100 1
The moon

Rebecca
    $100 17
Postage stamps

Rebecca
    $200 18
P.G. Wodehouse

Rebecca
    $200 12
tune in

Rebecca
    $200 27
Mascot

Rebecca
    $200 7
Mona Lisa

Rebecca
    $200 2
Sputnik

Andrew
    $200 23
Sci-Fi Channel

Andrew
    $300 19
A.A. Milne

Rebecca
    $300 13
Lava lamp

Alan
    $300 28
Hammock

Rebecca
    $300 8
Golf

Rebecca
    $300 3
Asteroid belt

Andrew
    $300 24
Shuttles

Andrew
    $400 20
C.S. Lewis

Alan
    $400 14
Volkswagen

Rebecca
    $400 29
Ascend

Alan
    $400 9
John Tyler

Alan
    $400 4
Mercury

Alan
    $800 25
Pavel Chekov

Andrew
    $500 21
H.P. Lovecraft

Triple Stumper
    $500 15
Twiggy

Rebecca
    $500 30
Knave

Triple Stumper
    $500 10
Automobile accident

Triple Stumper
    $500 5
Saturn

Alan
    $500 26
Klingons, Romulans or Vulcans

Alan

Scores at the first commercial break (after clue 14):

Andrew Alan Rebecca
$500 $1,600 $1,300

Scores at the end of the Jeopardy! Round:

Andrew Alan Rebecca
$2,000 $2,900 $2,900

Double Jeopardy! Round responses

TOUGH CAPITALS
SPORTS
HISTORIC NAMES
CROSSWORD CLUES "M"
MILLS
BROTHERS
(Alex: Alright!)
    $200 9
Nicaragua

Rebecca
    $200 1
Sammy Sosa

Andrew
    $200 6
Adolf Hitler

Andrew
    $200 14
Milky Way

Andrew
    $200 24
Sugar

Andrew
    $200 19
Bookstore

Andrew
    $400 10
(Rebecca: What is Senegal?)
...
(Alex: You were confusing it with Dakar.)

Bangladesh

Rebecca
Triple Stumper
    $400 2
2

Andrew
    $400 7
(Andrew: Who is Napoleon III?)

Benito Juarez

Andrew
Triple Stumper
    $400 15
March

Andrew
    $400 25
Lumber mill

Andrew
    $400 20
Andrew Lloyd Webber

Rebecca
    $600 11
(Rebecca: What is Romania?)

Cyprus

AndrewRebecca
    $1,600 3
Muhammad Ali

Andrew
    $600 8
Tycho Brahe

Triple Stumper
    $600 16
Mustard

Andrew
    $600 26
(Rebecca: What is cornmeal?)
(Alan: What is wheat?)
...
(Alex: And we have less than a minute to go.)

flour

AndrewAlanRebecca
    $1,000 21
(Rebecca: Who are the Folgers?)

the Hills Brothers

Rebecca
    $800 12
Sri Lanka (Ceylon)

Andrew
    $800 4
Alberto Tomba

Triple Stumper
    $800 23
Daniel Boone

Triple Stumper
    $800 17
Molly

Andrew
    $800 27
Steel mill

Andrew
    $800 22
Lebanon

Triple Stumper
    $1000 13
Malta

Triple Stumper
    $1000 5
Hawks

Andrew
    $1000 18
(Alan: What is muzzle?)

Mutter

Alan
Triple Stumper
    $1000 28
Jute mills

Triple Stumper
    $1000 29
(Rebecca: Who are the [*] Brothers?)
[The end-of-round signal sounds.]

Farrelly

Rebecca

Scores at the end of the Double Jeopardy! Round:

Andrew Alan Rebecca
$10,600 $1,300 $1,900
(lock game)

[wagering suggestions for these scores]

Final Jeopardy! Round responses

BRITISH POETS
(Alex: [To Alan] The same initials.)
...
(Alex: [To Rebecca] Your dad is old, Rebecca--you'd better go visit him more often in the home!)
...
(Alex: [To Andrew] I won't ask!)
AlanWho is Coleridge
$1,295
RebeccaWho is my dad?
$701
AndrewWho is Mark Lane?
$0
Samuel Taylor Coleridge

Final scores:

Andrew Alan Rebecca
$10,600 $2,595 $1,199
3-day champion: $21,700 2nd place: Daewoo Color TV, VCR & Speakers & Broyhill Entertainment Armoire 3rd place: Trip for 2 on Amtrak's Coast Starlight Train between Los Angeles & Seattle

Game dynamics:

Coryat scores:

Andrew Alan Rebecca
$9,200 $1,300 $2,900
23 R
(including 2 DDs),
1 W
7 R,
2 W
15 R,
4 W
(including 1 DD)

Combined Coryat: $13,400

[game clues] [game scores] [suggest correction]

Game tape date: 1998-10-07
The J! Archive is created by fans, for fans. Scraping, republication, monetization, and malicious use prohibited; this site may use cookies and collect identifying information. See terms. The Jeopardy! game show and all elements thereof, including but not limited to copyright and trademark thereto, are the property of Jeopardy Productions, Inc. and are protected under law. This website is not affiliated with, sponsored by, or operated by Jeopardy Productions, Inc. Join the discussion at JBoard.tv.